| 000 | 00656nam a22001817a 4500 | ||
|---|---|---|---|
| 008 | 161007b xxu||||| |||| 00| 0 eng d | ||
| 020 | _a0195146455 | ||
| 040 |
_aKABU _cKABU |
||
| 050 |
_aML355 _b.E3M37 2006 C. |
||
| 100 | _aMarcus, Scott L. | ||
| 245 |
_aMusic in Egypt _bExperiencing music, expressing culture _cby Scott L. Marcus |
||
| 260 |
_aNew York _bOxford university press _c2006 |
||
| 300 |
_axxiv, 200 p. _eAccompanied by CD Rom |
||
| 650 |
_2Music _xHistory and criticism _zEgypt |
||
| 650 |
_2Music _xSocial aspects _zEgypt |
||
| 650 |
_2Music _vIslam _xReligious aspectss |
||
| 942 |
_2lcc _cBK _hML355 .E3M37 2006 C.1 |
||
| 999 |
_c16171 _d16171 |
||